| 000 | 00770cam a2200241 i 4500 | ||
|---|---|---|---|
| 001 | bg | ||
| 003 | KOSZ 005 | ||
| 005 | 20200408130907.0 | ||
| 008 | 101010s1988 pl f |000 0 pol d | ||
| 040 | _cBPK | ||
| 041 | _apol | ||
| 080 | _a517 | ||
| 080 | _a(075.8+076) | ||
| 100 | 1 |
_aKrysicki, Włodzimierz _d(1905-2001) _eAutor |
|
| 245 | 0 |
_aAnaliza matematyczna w zadaniach. _nCz.1 / _cW. Krysicki, L. Włodarski. |
|
| 250 | _aWyd. 17. | ||
| 260 |
_aWarszawa, _c1988. |
||
| 655 | 4 | _aĆwiczenia i zadania dla szkół wyższych | |
| 650 | 4 | _aAnaliza matematyczna | |
| 700 | 1 |
_aWłodarski, Lech _d(1916-1997) _eAutor |
|
| 856 |
_uhttp://koha.tu.koszalin.pl/cgi-bin/koha/opac-detail.pl?biblionumber=4586 _yKatalog online BPK |
||
| 942 |
_cKS _2UKD |
||
| 999 |
_c4586 _d4586 |
||